| 000 | 00531nam a2200169Ia 4500 | ||
|---|---|---|---|
| 003 | GCL | ||
| 008 | 140319s9999 xx 000 0 ara d | ||
| 040 |
_aGCL / _cGCL |
||
| 082 | 0 | 4 |
_a254 _bص ح |
| 100 | 1 | _aصلاح سيف الدين | |
| 245 | 1 | 0 |
_aحقوق الزوج والزوجة واصول المعاشرة الزوجية / _cصلاح سيف الدين |
| 260 |
_a[S.N] : _bالروضة للنشر والتوزيع ، _c1993 |
||
| 300 | _a80 ص | ||
| 490 | _a | ||
| 650 | 0 | 4 | _aالحقوق الزوجية |
| 942 |
_2ddc _cBK |
||
| 999 |
_c54306 _d54306 |
||